SKÚŠKY PRUŽNÉHO UPEVNENIA PODLAHOVÝCH OCEĽOVÝCH ROŠTOV NA NOSNÝCH KONŠTRUKCIÁCH

Bibliographic Details
Main Author: Mikloš, V. (Author)
Format: Article
Language:Slovak
ISBN:8070996641

MARC

LEADER 00000naa a2200000uu 4500
001 vtls010960512
003 SK-MaSNL
005 20260302120904.0
008 210905|2001 xo |||||||||||||||||slo|
015 |a SNBRA 
035 |a (urnnbn)urn:nbn:sk:snk:ar-a0brdz 
035 |a (uuid)e28b4363-f1fb-498e-a347-a5acb3852370 
035 |a urn:nbn:sk:snk-aauj2c 
040 |a SNKBUCL  |b slo  |c SNKBUCL  |e AACR2 
041 0 |a slo 
044 |a xo  |c SK 
100 1 |a Mikloš, V.  |4 aut  |9 802114 
245 1 0 |a SKÚŠKY PRUŽNÉHO UPEVNENIA PODLAHOVÝCH OCEĽOVÝCH ROŠTOV NA NOSNÝCH KONŠTRUKCIÁCH  |c V. Mikloš 
773 0 |t Rozvojové tendencie v odbore oceľových konštrukcií  |d V Košiciach : Technická univerzita, 2001  |g S. 195-200  |z 8070996641 
958 |a OND 
958 |a article11 
958 |a chapter 
999 |c 1271721  |d 1273651